Statistiken für Die Bürgschaft - Teil 2/2 - Ballade Friedrich Schiller

Klicken Sie hier um das Quiz zu spielen!

Allgemein

  • Dieses Quiz wurde 20 mal gespielt
  • Das Durchschnittsergebnis liegt bei 365 aus 387

Antwortstatistiken

Antwort% Korrekt
am
100%
an.
100%
An
100%
an
100%
an
100%
Angst
100%
ans
100%
ans
100%
Armen
100%
auch
100%
Auge
100%
beflügelt
100%
beide
100%
bezwungen,
100%
bin
100%
Bitte,
100%
blicket
100%
bringt
100%
Bunde
100%
Chor:
100%
da
100%
Da
100%
da
100%
Da
100%
Da
100%
Da
100%
Da
100%
das
100%
das
100%
das
100%
das
100%
Das
100%
dass
100%
dem
100%
dem
100%
dem
100%
dem
100%
Den
100%
den
100%
den
100%
den
100%
den
100%
den
100%
den
100%
den
100%
den
100%
den
100%
den
100%
der
100%
Der
100%
der
100%
Der
100%
Der
100%
der
100%
Der
100%
der
100%
der
100%
der
100%
der
100%
der
100%
der
100%
der
100%
der
100%
des
100%
Des
100%
Des
100%
die
100%
die
100%
die
100%
die
100%
die
100%
die
100%
die
100%
die
100%
die
100%
die
100%
die
100%
die
100%
die
100%
die
100%
doch
100%
Drauf
100%
Dritte."
100%
du
100%
du
100%
eben.
100%
eigene
100%
ein
100%
ein
100%
Ein
100%
empor,
100%
entgegen
100%
entsetzt
100%
er
100%
er
100%
er
100%
er
100%
er
100%
er:
100%
er
100%
er
100%
er,
100%
er
100%
er
100%
er
100%
Er
100%
erfrischet
100%
erkennet
100%
erleidet
100%
erscheinen,
100%
"erwürget!
100%
es
100%
"Es
100%
es
100%
euch
100%
eurem
100%
ferne
100%
Freude.
100%
Freund
100%
Freund
100%
Freund
100%
Freund
100%
Freunde
100%
fühlt
100%
führen.
100%
für
100%
Fuß,
100%
gaffend
100%
Gebieter:
100%
gebrochen
100%
gebürget!"
100%
geht
100%
gelungen,
100%
Genossen
100%
gerettet
100%
geschlagen."
100%
gewährt
100%
gewartet'
100%
glaube
100%
Glauben
100%
Glieder.
100%
Grün
100%
habt
100%
hast
100%
Hauses
100%
Henker",
100%
Herz
100%
hier
100%
Hohn
100%
hört
100%
Hüter,
100%
ich,
100%
Ich
100%
ich
100%
ihm
100%
ihm
100%
Ihm
100%
ihm
100%
Ihr
100%
in
100%
In
100%
In
100%
ist
100%
ist
100%
ist
100%
"Jetzt
100%
kann
100%
kein
100%
kein
100%
Kniee
100%
kommt
100%
Könige
100%
konnte
100%
Kreuz
100%
Kreuz
100%
Land,
100%
lange
100%
Lässt
100%
Leben!
100%
leerer
100%
Liebe
100%
liebende,
100%
liegen
100%
man
100%
man
100%
man
100%
mehr,
100%
Menge
100%
menschliches
100%
mich
100%
mich
100%
"Mich,
100%
mich
100%
mich
100%
mir
100%
mir
100%
mir,
100%
mutigen
100%
nehmet
100%
nicht
100%
nicht,
100%
nicht
100%
nicht
100%
"O
100%
Opfer
100%
Pflicht,
100%
Philostratus,
100%
rauben."
100%
redlicher
100%
rette
100%
Retter
100%
rettest
100%
ruft
100%
rühme
100%
Rühren,
100%
sagen:
100%
schlachte
100%
Schmerzen
100%
schnell,
100%
schnell
100%
schon
100%
schon
100%
sei,
100%
Seile
100%
sich
100%
sich
100%
sich
100%
sie
100%
sie
100%
sie
100%
sie
100%
sieh,
100%
sieht
100%
sieht
100%
sieht
100%
So
100%
So
100%
So
100%
soll
100%
soll
100%
Sonne
100%
Sonne
100%
Sonne
100%
Sorge
100%
spät,
100%
spricht
100%
steht
100%
sterben!"
100%
Straße
100%
Stunde
100%
Stunde
100%
Syrakus,
100%
Thron
100%
Tod
100%
Tod
100%
Tor
100%
tränenleer,
100%
Treue,
100%
Treue."
100%
Tyrann
100%
Tyrannen
100%
umstehet,
100%
Und
100%
Und
100%
Und
100%
und
100%
Und
100%
Und
100%
Und
100%
Und
100%
Und
100%
Und
100%
Und
100%
Und
100%
"Und
100%
Und
100%
Und
100%
und
100%
Und
100%
Und
100%
und
100%
Und
100%
Und
100%
Und
100%
Und
100%
Und
100%
Und
100%
Und
100%
unter,
100%
vereinen.
100%
verwundert
100%
Von
100%
Von
100%
von
100%
von
100%
vor
100%
vor
100%
Wahn,
100%
Wanderer
100%
weinen
100%
wie
100%
Wiederkehr,
100%
Will
100%
willkommen
100%
wird
100%
Worte
100%
Wundermär,
100%
zieht
100%
Zinnen
100%
zu
100%
zu
100%
zu
100%
zum
100%
zum
100%
zwei
100%
zweie
100%
auf
80%
aus
80%
Aus
80%
aus
80%
Bäume
80%
blutge
80%
brennenden
80%
durch
80%
eilenden
80%
eilenden
80%
erhöhet,
80%
Felsen,
80%
gnädig
80%
hält
80%
heilige
80%
Ihn
80%
lauschen,
80%
malt
80%
Mit
80%
nahe,
80%
nieder
80%
Quell,
80%
Räubershand,
80%
Schatten;
80%
silberhell,
80%
sprudelt
80%
stille
80%
Strom
80%
verderben,
80%
"Zurück!
80%
Zweige
80%
Abendrots
60%
blickt
60%
Brand,
60%
bückt
60%
ergreifet
60%
Ermattet
60%
Erstaunen
60%
freudig
60%
Ganz
60%
geschwätzig,
60%
gewaltig
60%
gigantische
60%
glänzenden
60%
glühenden
60%
hervor
60%
hoffender
60%
horch!
60%
jagen
60%
Laufes
60%
lebendiger
60%
Matten
60%
Mühe
60%
murmelnd
60%
Qualen,
60%
Rauschen
60%
rieselndes
60%
schimmern
60%
Seele
60%
sinken
60%
Springt
60%
Strahlen
60%
umher,
60%
unendlichen
60%
verschmachtend
60%
versendet
60%
Volk
60%
vorüberfliehn,
60%
zertrennt
60%
ziehn,
60%
dichten
40%

Verteilung der Resultate

Perzentil nach korrekt beantworteten Fragen

Anzahl Personen mit jedem Resultat

Ihre Resultats-Entwicklung

Sie haben dieses Quiz noch nicht gespielt